Statystyki dla Quiz - Zawodnicy Manchester United/Tylko Nazwiska/ 26.06.2022/

Kliknij tutaj aby rozwiązać quiz!

Ogólne statystyki

  • Ten quiz został rozwiązany 85 razy
  • Średni wynik to 14 z 30

Statystyki odpowiedzi

PiłkarzePiłkarze% Poprawnych
PiłkarzDe Gea
93%
PiłkarzRonaldo
92%
PiłkarzMaguire
84%
PiłkarzRashford
84%
PiłkarzFernandes
73%
PiłkarzSancho
72%
PiłkarzShaw
72%
PiłkarzVarane
65%
PiłkarzWan Bissaka
63%
PiłkarzFred
61%
PiłkarzLindelof
58%
PiłkarzMcTominay
52%
PiłkarzDalot
51%
PiłkarzHenderson
48%
PiłkarzCavani
46%
PiłkarzElanga
46%
PiłkarzHeaton
45%
PiłkarzMatić
45%
PiłkarzTelles
43%
PiłkarzGreenwood
42%
PiłkarzJones
40%
PiłkarzLingard
37%
PiłkarzMata
37%
PiłkarzBailly
34%
PiłkarzGarnacho
23%
PiłkarzFernandez
10%
PiłkarzMejbri
10%
PiłkarzIqbal
8%
PiłkarzBernard
1%
PiłkarzSavage
1%

Rozkład punktacji

Percentyl według liczby udzielonych odpowiedzi

Procent ludzi z każdym wynikiem

Twoja historia wyników

Nie rozwiązałeś tego quizu